000 00615nam a2200229Ia 4500
003 OSt
005 20220928145717.0
006 a|||||r|||| 00| 0
007 ta
008 220927b |||||||| |||| 00| 0 eng d
024 _a82334
037 _cTextual
040 _aSDCL
_cSDCL
_beng
041 _2eng
_aeng
082 _aXjN13, L4
100 _aHorwich George Ed.
_9514335
245 0 _aTrade,stability and macroeconomics.
260 _c1974
700 _a Samuelson Paul A Ed.
_9514336
942 _hXjN13, L4
_cTEXL
_2CC
999 _c835056
_d835056